Statistiche per Paesi più vicini alla Liberia

Clicka qui per fare il quiz!

Statistiche generali

  • Questo quiz è stato fatto 7 volte
  • Il punteggio medio è 17 su 20

Statistiche sulle risposte

kmpaese% Corretto
1778Camerun
100%
0Côte d'Ivoire
100%
665Gambia
100%
469Ghana
100%
281Mali
100%
721Mauritania
100%
1203Niger
100%
1118Nigeria
100%
452Senegal
100%
0Sierra Leone
100%
997Benin
86%
450Burkina Faso
86%
1574Cabo Verde
86%
0Guinea
86%
519Guinea-Bissau
86%
1620Sao Tome e Principe
86%
886Togo
71%
1811Algeria
57%
1773Guinea Equatoriale
57%
1458Sahara occidentale
29%

Distribuzione punteggi

Percentile per numero di risposta

Percentuale di utenti per punteggio

I tuoi punteggi nel tempo

Non hai fatto questo quiz